France - Les personnalités centenaires en février 2024 - Statistiques

Statistiques générales
  • Ce quiz a été pris 22 fois
    9 depuis la dernière actualisation
  • Le résultat moyen est 3 sur 39
Statistiques - réponses
Indice 1 Indice 2 Initiales Réponse % Correct
1921 Militaire PDG Philippe {De Gaulle}
71%
1922 Politicien RD Roland {Dumas}
57%
1921 Politicien AC André {Chandernagor}
43%
1924 Actrice AV Anne {Vernon}
43%
1922 Economiste CA Claude {Alphandéry}
43%
1921 Sociologue EM Edgar {Morin}
43%
1921 Vétérinaire MK Michel {Klein}
14%
1922 Militaire VA Valérie {André}
14%
1916 Artiste peintre et Sculpteur AC Adolphe {Cieslarczyk}
0%
1921 Philosphe AJ André {Jacob}
0%
1922 Théologienne AS Annick de {Souzenelle}
0%
1921 Céramiste DM Daniel de [Montmolin}
0%
1922 Historien DO Didier {Ozanam}
0%
1923 Architecte EC Eliane {Castelnau}
0%
1920 Cycliste EI Emile {Idée}
0%
1920 Réalisateur FR Francis {Rigaud}
0%
1916 Résistante GC Genevière {Callerot}
0%
1921 Sage-femme GT George {Tarer}
0%
1922 Militant marxiste HS Henri {Simon}
0%
1923 Harpiste HG Huguette {Géliot}
0%
1921 Actrice JF Jacqueline {Ferrière}
0%
1923 Résistante JFM Jacqueline {Fleury-Marié}
0%
1922 Artiste peintre JB Jacques {Borker}
0%
1922 Chanteur lyrique JC Jean {Cussac}
0%
1922 Artiste peintre JM Jean {Monneret}
0%
1917 Homme politique JT Jean {Turco}
0%
1921 Ecrivain LF Lucette {Finas}
0%
1923 Résistante et sociologue MJ C DL Marie José {Chombart de Lauwe}
0%
1920 Résistante MC Marthe {Cohn}
0%
1922 Résistante ODVDR Odile {de Vasselot de Régné}
0%
1923 Journaliste PC Paul {Collowald}
0%
1921 Organiste PL Pierre {Labric}
0%
1923 Résistant PM Pierre {Mauger}
0%
1921 Constructeur aéronautique RF René {Fournier}
0%
1920 Acteur RM Robert {Marcy}
0%
1920 Magistrate SR Simone {Rozès}
0%
1923 Mathématicienne YCB Yvonne {Choquet-Bruhat}
0%
1920 Athlète YC Yvonne {Curtet}
0%
1922 Historienne YK Yvonne {Knibiehler}
0%
Aucun quiz correspondant
Distribution des résultats
% des personnes avec chaque résultat
Percentile par nombre de réponses
Votre historique - résultats
Vous n’avez pas pris ce quiz depuis la dernière actualisation